[Event "La Paz Primera Categoria Adalp"]
[Site "La Paz"]
[Date "2017.01.31"]
[Round "4.5"]
[White "Meza Crespo, Dario"]
[Black "Perez Alvarado, Jose Luis"]
[Result "1-0"]
[WhiteElo "1782"]
[BlackElo "1617"]
[PlyCount "33"]
[EventDate "2017.01.26"]
[EventType "swiss"]
[EventRounds "7"]
[EventCountry "BOL"]
[SourceTitle "EXT 2024"]
[Source "ChessBase"]
[SourceDate "2023.10.10"]
[SourceVersion "1"]
[SourceVersionDate "2023.10.10"]
[SourceQuality "1"]

1. e4 c5 2. Nf3 Nc6 3. d4 cxd4 4. Nxd4 Nf6 5. Nxc6 bxc6 6. Nc3 e5 7. Bg5 Bb4 8. Bd3 Bxc3+ 9. bxc3 Qa5 10. 0-0 Qxc3 11. Bxf6 gxf6 12. Rb1 c5 13. Rb3 Qa5 14. Bc4 Ba6 15. Qd5 0-0 16. Qd6 Bxc4 17. Rg3+ 1-0

[Event "La Paz op 2nd"]
[Site "La Paz"]
[Date "2014.11.14"]
[Round "4"]
[White "Meza Crespo, Dario"]
[Black "Aguilar, Luis Miguel"]
[Result "0-1"]
[WhiteElo "1487"]
[BlackElo "2017"]
[PlyCount "70"]
[EventDate "2014.11.13"]
[EventType "swiss"]
[EventRounds "7"]
[EventCountry "BOL"]
[SourceTitle "CBM 163 Extra"]
[Source "ChessBase"]
[SourceDate "2014.12.23"]
[SourceVersion "1"]
[SourceVersionDate "2014.12.23"]
[SourceQuality "1"]

1. e4 c5 2. Nf3 g6 3. d4 Bg7 4. Be3 cxd4 5. Nxd4 Nc6 6. Nc3 Nf6 7. Be2 d6 8. Qd2 Bd7 9. 0-0-0 Rc8 10. h4 h5 11. f3 Ne5 12. Rhg1 a6 13. Kb1 b5 14. g4 hxg4 15. fxg4 Nfxg4 16. Rdf1 Nxe3 17. Qxe3 Bh6 18. Qf2 Rxc3 19. bxc3 Qa5 20. Nb3 Qxc3 21. Qd4 Qxd4 22. Nxd4 Be3 23. c3 Bxg1 24. Rxg1 Rxh4 25. Bd1 Rxe4 26. Rh1 Kd8 27. Rh8+ Kc7 28. Bc2 Rg4 29. Rh1 Nc4 30. Kc1 e5 31. Nb3 Rg3 32. Rf1 Be6 33. Nd2 Rxc3 34. Nxc4 Rxc4 35. Kb2 Rf4 0-1